000
00293nam a22001337a 4500
008
171018b xxu||||| |||| 00| 0 eng d
020
_a
9780071287838
041
_a
eng
080
_2
4TH
_a
338
100
_a
53
101
_a
MEN
245
_a
STRATEGIC MANAGEMENT
_c
DESS,G,G
942
_2
udc
_c
BK
999
_c
34675
_d
34675